000 00620nam a2200169Ia 4500
008 090711s9999 xx 000 0 und d
082 _b70348
100 _aजोशी रामSांद्र ज.
245 _aतुमSाी रास तुमSाी आजारपणे
260 _c1985
300 _a150
600 _aजोशी रामSांद्र ज.
630 _aतुमSाी रास तुमSाी आजारपणे
700 _aजोशी रामSांद्र ज.
730 _aतुमSाी रास तुमSाी आजारपणे
942 _cBOOK
999 _c307562
_d307562